Lieux de la France A-Z en images - Statistiques

Statistiques générales
  • Ce quiz a été pris 103 fois
  • Le résultat moyen est 11 sur 26
Statistiques - réponses
Par images Hint Réponse % Correct
A (chaîne de montagne) Alpes
99%
J (massif montagneux ) Jura
85%
T (tour) Tour Eiffel
82%
M (île rocheuse) Mont-Saint-Michel
81%
P (parc) Parc Astérix
79%
D (dune) Dune du Pilat
78%
E (commune) Etretat
76%
O (océan) Océan Atlantique
74%
G (gorges) Gorges du Verdon
67%
S (commune) Strasbourg
53%
Y (rivière) Yonne
44%
R (village) Rocamadour
42%
Z (zoo) Zoo de Beauval
42%
C (calanques) Calanques de Marseille
35%
H (monument culturel) Hospices de Beaune
34%
N (commune) Nancy
29%
L (lac) Lac d’Annecy
27%
F (forêt) Forêt de Brocéliande
25%
V (massif) Vercors
23%
B (réserve naturelle) Baie de Somme
12%
I (île) Île d'Yeu
12%
Q (parc narurel régional) Queyras
11%
U (valée alpine) Ubaye
9%
K (village) Kaysersberg
5%
W (station balnéaire) Wimereux
3%
X (commune) Xonrupt-Longemer
0%
Aucun quiz correspondant
Distribution des résultats
% des personnes avec chaque résultat
Percentile par nombre de réponses
Votre historique - résultats
Vous n’avez pas pris ce quiz